000 00684nam a2200229Ia 4500
003 OSt
005 20220923223612.0
006 a|||||r|||| 00| 0
007 ta
008 Pun
024 _a219,057
037 _cTextual
040 _aARTS
_cARTS
_bPun
041 _2Pun
_aPun
082 _aQ8441:21:g, 153N4
100 _aਬੇਦੀ, ਤਰਲੋਚਨ ਸਿੰਘ
245 0 _aਸਿੱਖਾਂ ਦੀ ਭਗਤਮਾਲਾ
260 _aਪਟਿਆਲਾ
_b ਪਬਲੀਕੇFਨ ਬਿਊਰੋ
_c1994
300 _a157ਪੰ
_ccm.
942 _hQ8441:21:g, 153N4
_cTEXL
_2CC
999 _c366391
_d366391